000 00938nam a22003610a 4500
001 PT46445
003 AR-LpoUNG
005 20210131231125.0
008 191001s2004||||sp |||||||||||||||||spa d
020 _a8497040821
_c$109
040 _aAR-LpoUNG
_bspa
_cAR-LpoUNG
_eaacr
041 _aspa
044 _asp
082 0 _aR020 385dic
100 1 _aMartínez de Souza, José
245 1 0 _aDiccionario de bibliología y ciencias afines
250 _a3ª ed. corr. y aum.
260 _aAsturias :
_bTrea,
_c2004.
300 _a1048 p. :
_bil.
650 4 _aBIBLIOGRAFIAS
650 4 _aBIBLIOTECOLOGIA
650 4 _aCOMUNICACION
650 4 _aDICCIONARIOS
650 4 _aINFORMATICA
650 4 _aMATERIAL DE REFERENCIA
650 4 _aPERIODISMO
651 4 _aDOCUMENTOS TEORICOS O METODOLOGICOS
653 _aARCHIVISTICA
653 _aHERMENEUTICA
653 _aLEXICOGRAFIA
905 _a46445
942 _cLSALA
999 _c8194
_d8194